艦これ実装海防艦 - Statistics

General Stats
  • This quiz has been taken 16 times
  • The average score is 13 of 22
Answer Stats
Answer % Correct
大東
91%
占守
82%
択捉
82%
佐渡
82%
福江
82%
昭南
73%
鵜来
73%
第四号海防艦
73%
国後
64%
八丈
64%
松輪
64%
対馬
64%
日振
55%
稲木
55%
第二十二号海防艦
55%
御蔵
45%
第三〇号海防艦
45%
石垣
36%
能美
27%
倉橋
27%
平戸
18%
屋代
9%
No matching quizzes found
Score Distribution
Percent of People with Each Score
Percentile by Number Answered
Your Score History
You have not taken this quiz